Studies in Indian history : (Record no. 94573)

MARC details
000 -LEADER
fixed length control field 00598nam a22001937a 4500
005 - DATE AND TIME OF LATEST TRANSACTION
control field 20150806122938.0
010 ## - LCCN (DPL NO)
LC control number ENG-113337
020 ## - INTERNATIONAL STANDARD BOOK NUMBER
International Standard Book Number 9788189131661
Terms of availability 1495.00
035 ## - SYSTEM CONTROL NUMBER
System control number EN-96869
037 ## - SOURCE OF ACQUISITION
Source of stock number/acquisition DBAD/PUB
082 ## - DEWEY DECIMAL CLASSIFICATION NUMBER
Classification number 954
245 ## - TITLE STATEMENT
Title Studies in Indian history :
Statement of responsibility, etc edited by K.Arjun Rao
Remainder of title festschrift to prof. Adapa Satyanarayana /
260 ## - PUBLICATION, DISTRIBUTION, ETC. (IMPRINT)
Place of publication, distribution, etc New Delhi
Name of publisher, distributor, etc Research India
Date of publication, distribution, etc 2015
270 ## - ADDRESS
Address E-6/34, Sangam Vihar,
City New Delhi
Postal code 110062
300 ## - PHYSICAL DESCRIPTION
Extent xli,428p.
Dimensions 23cm(Hb)
500 ## - GENERAL NOTE
General note Includes index
700 ## - ADDED ENTRY--PERSONAL NAME
Personal name Arjun Rao, K.
942 ## - ADDED ENTRY ELEMENTS (KOHA)
Source of classification or shelving scheme Dewey Decimal Classification
Item type English Books
Call number suffix STU
Classification part 954
Holdings
Withdrawn status Lost status Not for loan Collection code Home library Current library Date acquired Source of acquisition Cost, normal purchase price Full call number Barcode Copy number Cost, replacement price Koha item type
    Not For Loan Non-fiction D.B.Act.Division D.B.Act.Division 30/06/2015 DBAD/PUB 1495.00 954 STU EN-96869 1 1495.00 English Books

© Delhi Public Library
Hit Counter
free hit counter